| 000 | 00425nam a22001457a 4500 | ||
|---|---|---|---|
| 999 |
_c511051 _d511051 |
||
| 008 | 190909b ||||| |||| 00| 0 eng d | ||
| 100 |
_aSwitzer, David _910056 |
||
| 245 | _aCitizen partisanship, local government, and environmental policy implementation | ||
| 260 | _c2019 | ||
| 300 | _ap.675-702. | ||
| 650 |
_aLocal government _910057 |
||
| 773 | _aUrban Affairs Review | ||
| 906 | _aEnvironmental policy | ||
| 942 | _cAR | ||